Statistics for Louisiana Parishes Quiz

Click here to take the quiz!

General Stats

  • This quiz has been taken 4,922 times
  • The average score is 31 of 64

Answers on the Map

Answers color-coded by a green-red scale on the quiz's map according to % correct below.
Loading ...
 

Answer Stats

Parish% Correct
Orleans
78%
Jefferson
76%
East Baton Rouge
70%
Washington
66%
Caddo
66%
West Baton Rouge
65%
Bossier
64%
Lafayette
60%
Lincoln
58%
Saint John the Baptist
57%
Saint Mary
56%
Acadia
55%
Saint Tammany
55%
Jackson
53%
Rapides
51%
Cameron
51%
East Carroll
51%
East Feliciana
51%
Plaquemines
50%
West Carroll
50%
Saint Bernard
50%
Madison
50%
Iberia
50%
Calcasieu
50%
Terrebonne
49%
Grant
49%
Saint Martin
49%
Jefferson Davis
49%
Saint Landry
49%
Saint Charles
49%
West Feliciana
48%
Ascension
48%
Union
48%
Iberville
47%
De Soto
47%
Natchitoches
47%
Allen
47%
Saint James
46%
Sabine
46%
Ouachita
46%
Vermilion
46%
Avoyelles
46%
Assumption
46%
Franklin
46%
Webster
45%
Lafourche
45%
Tangipahoa
45%
Red River
44%
Vernon
43%
Beauregard
43%
Morehouse
42%
Winn
41%
Livingston
41%
Bienville
41%
Evangeline
41%
Concordia
39%
Tensas
38%
Pointe Coupee
38%
Saint Helena
36%
La Salle
36%
Claiborne
35%
Richland
34%
Catahoula
33%
Caldwell
32%

Score Distribution

Percentile by Number Answered

Percent of People with Each Score

Your Score History

You have not taken this quiz